[Event "9th Novi Sad it"]
[Site "Novi Sad"]
[Date "1982.10.18"]
[EventDate "1982.10.08"]
[Round "9.7"]
[White "Deze, Anton"]
[Black "Suetin, Alexei"]
[Result "0-1"]
[WhiteElo "2435"]
[BlackElo "2435"]
[PlyCount "84"]
[Source "Perpetual Check"]

1. c4 e5 2. Nc3 Nc6 3. g3 g6 4. Bg2 Bg7 5. e3 d6 6. Nge2 Nge7 7. d3 O-O 8. O-O
Be6 9. Nd5 Qd7 10. Rb1 a5 11. a3 Nd8 12. Nxe7+ Qxe7 13. b4 axb4 14. axb4 Qd7
15. Nc3 Bh3 16. Bb2 Bxg2 17. Kxg2 f5 18. Ra1 Rxa1 19. Qxa1 Ne6 20. f4 exf4 21.
exf4 c6 22. Ne2 Re8 23. Ng1 c5 24. Bxg7 Nxg7 25. b5 Qe6 26. Qc3 d5 27. Nf3 d4
28. Qd2 Qe3 29. Qc2 Qe2+ 30. Qxe2 Rxe2+ 31. Rf2 Re3 32. Ne5 Ne6 33. Ra2 g5 34.
Ra8+ Kg7 35. Rb8 gxf4 36. Rxb7+ Kf6 37. Nf3 Rxd3 38. Rxh7 Rb3 39. Rh6+ Ke7 40.
Ne5 d3 41. Nc6+ Kd6 42. Kf3 Rb1 0-1

[Event "9th Novi Sad it"]
[Site "Novi Sad"]
[Date "1982.10.19"]
[EventDate "1982.10.08"]
[Round "10.1"]
[White "Gheorghiu, Florin"]
[Black "Suetin, Alexei"]
[Result "1/2-1/2"]
[WhiteElo "2535"]
[BlackElo "2435"]
[PlyCount "29"]
[Source "Perpetual Check"]

1. d4 d5 2. c4 dxc4 3. Nf3 Nf6 4. Qa4+ c6 5. Qxc4 Bf5 6. g3 e6 7. Bg2 Nbd7 8.
O-O Be7 9. Nbd2 Ne4 10. Nxe4 Bxe4 11. Be3 O-O 12. Rfd1 Nb6 13. Qc1 Qd5 14. Ne1
Bxg2 15. Nxg2 1/2-1/2

[Event "9th Novi Sad it"]
[Site "Novi Sad"]
[Date "1982.10.19"]
[EventDate "1982.10.08"]
[Round "10.2"]
[White "Romanishin, Oleg"]
[Black "Deze, Anton"]
[Result "1/2-1/2"]
[WhiteElo "2585"]
[BlackElo "2435"]
[PlyCount "45"]
[Source "Perpetual Check"]

1. d4 Nf6 2. Nf3 c5 3. d5 b5 4. c4 g6 5. a4 bxc4 6. Nc3 Bg7 7. e4 O-O 8. Bxc4
Ba6 9. Bxa6 Nxa6 10. e5 Ng4 11. Qe2 Nb4 12. O-O d6 13. e6 f5 14. Ng5 Qc8 15.
Nf7 Nf6 16. Nh6+ Kh8 17. Nf7+ Kg8 18. Rd1 Qa6 19. Nb5 Qb7 20. Nh6+ Kh8 21. Nf7+
Kg8 22. Nh6+ Kh8 23. Nf7+ 1/2-1/2

[Event "9th Novi Sad it"]
[Site "Novi Sad"]
[Date "1982.10.19"]
[EventDate "1982.10.08"]
[Round "10.4"]
[White "Razuvaev, Yury"]
[Black "Gligoric, Svetozar"]
[Result "1/2-1/2"]
[WhiteElo "2495"]
[BlackElo "2530"]
[PlyCount "57"]
[Source "Perpetual Check"]

1. d4 Nf6 2. c4 e6 3. Nf3 b6 4. g3 Bb7 5. Bg2 Be7 6. O-O O-O 7. d5 exd5 8. Nh4
c6 9. cxd5 cxd5 10. Nf5 Na6 11. Nc3 Nc7 12. Bf4 Re8 13. Rc1 Bc6 14. Bd6 Bxd6
15. Nxd6 Re5 16. f4 Re6 17. Nf5 Qf8 18. Qd2 Ne4 19. Nxe4 dxe4 20. Rfd1 e3 21.
Qd3 Rae8 22. Nd6 Rb8 23. f5 Rh6 24. Nc4 Ne8 25. Nxe3 Rd6 26. Nd5 Nf6 27. e4
Bxd5 28. exd5 b5 29. b4 1/2-1/2

[Event "9th Novi Sad it"]
[Site "Novi Sad"]
[Date "1982.10.19"]
[EventDate "1982.10.08"]
[Round "10.5"]
[White "Van der Wiel, John"]
[Black "Popovic, Petar"]
[Result "1/2-1/2"]
[WhiteElo "2520"]
[BlackElo "2460"]
[PlyCount "82"]
[Source "Perpetual Check"]

1. e4 c5 2. Nf3 d6 3. d4 cxd4 4. Nxd4 Nf6 5. Nc3 Nc6 6. Bg5 Qb6 7. Nb3 e6 8. g4
Qc7 9. Be3 h6 10. f3 a6 11. h4 b5 12. Qe2 Ne5 13. Rg1 Bb7 14. g5 hxg5 15. hxg5
Nfd7 16. f4 Nc4 17. g6 O-O-O 18. gxf7 Nxb2 19. Bd4 Nc4 20. a4 e5 21. axb5 exd4
22. bxa6 Bc6 23. Nxd4 Ndb6 24. Nxc6 Qxc6 25. Nd5 Kb8 26. a7+ Ka8 27. Rg3 g5 28.
Ra6 Qc5 29. Rxg5 Nxd5 30. Rxd5 Qb4+ 31. Kf2 Rh2+ 32. Bg2 Nb6 33. c3 Nxd5 34.
cxb4 Rxg2+ 35. Kxg2 Nxf4+ 36. Kf3 Nxe2 37. Kxe2 Rd7 38. b5 Rxa7 39. Rxa7+ Kxa7
40. Kd3 Kb6 41. Kc4 Ka5 1/2-1/2

[Event "9th Novi Sad it"]
[Site "Novi Sad"]
[Date "1982.10.19"]
[EventDate "1982.10.08"]
[Round "10.7"]
[White "Smejkal, Jan"]
[Black "Bjelajac, Milan"]
[Result "1-0"]
[WhiteElo "2565"]
[BlackElo "2400"]
[PlyCount "47"]
[Source "Perpetual Check"]

1. c4 f5 2. Nf3 Nf6 3. g3 g6 4. b3 Bg7 5. Bb2 O-O 6. Bg2 d6 7. d4 Ne4 8. Nbd2
e6 9. O-O Nxd2 10. Qxd2 Nd7 11. Ng5 Re8 12. e4 h6 13. Nh3 g5 14. f4 g4 15. Nf2
c6 16. Rae1 Nb6 17. a4 Rb8 18. Re2 Na8 19. d5 exd5 20. cxd5 c5 21. Rfe1 b5 22.
Bxg7 Kxg7 23. Qb2+ Kg6 24. exf5+ 1-0

[Event "9th Novi Sad it"]
[Site "Novi Sad"]
[Date "1982.10.20"]
[EventDate "1982.10.08"]
[Round "11.1"]
[White "Bjelajac, Milan"]
[Black "Gheorghiu, Florin"]
[Result "1/2-1/2"]
[WhiteElo "2400"]
[BlackElo "2535"]
[PlyCount "126"]
[Source "Perpetual Check"]

1. e4 c5 2. c3 d5 3. exd5 Qxd5 4. d4 Nf6 5. Nf3 e6 6. Be2 cxd4 7. cxd4 Nc6 8.
O-O Be7 9. Nc3 Qd8 10. Bg5 O-O 11. Qd2 b6 12. Rfd1 Nb4 13. Ne5 Bb7 14. Rac1
Nfd5 15. Bxe7 Nxe7 16. a3 Nbd5 17. Nxd5 Nxd5 18. Bf3 Qd6 19. h4 Rad8 20. g3 Rc8
21. Qd3 Rc7 22. Qd2 Rfc8 23. Nd3 h6 24. Rxc7 Rxc7 25. Rc1 Rxc1+ 26. Qxc1 Nf4
27. Ne5 Nd5 28. Qc2 f6 29. Nc4 Qd7 30. Qb3 Ne7 31. Bxb7 Qxb7 32. Ne3 Qd7 33.
Qc4 Kf7 34. Kf1 g5 35. Qd3 Kg7 36. Qe4 Nd5 37. h5 Ne7 38. Qa8 Nc6 39. d5 exd5
40. Nf5+ Qxf5 41. Qb7+ Kf8 42. Qxc6 Ke7 43. Qa8 Qd7 44. Qg8 Qb5+ 45. Kg1 d4 46.
Qh7+ Ke6 47. Qe4+ Qe5 48. Qc6+ Qd6 49. Qe4+ Qe5 50. Qc6+ Ke7 51. Qb7+ Kd6 52.
Qxa7 Qe1+ 53. Kg2 Qe4+ 54. Kh2 Kc5 55. Qc7+ Qc6 56. Qh7 Qf3 57. Qc7+ Kb5 58.
Qd7+ Kc4 59. Qa4+ Kd3 60. Qb5+ Kd2 61. Qb4+ Kd3 62. Qb5+ Kd2 63. Qb4+ Kd3
1/2-1/2

[Event "9th Novi Sad it"]
[Site "Novi Sad"]
[Date "1982.10.20"]
[EventDate "1982.10.08"]
[Round "11.2"]
[White "Kurajica, Bojan"]
[Black "Smejkal, Jan"]
[Result "1/2-1/2"]
[WhiteElo "2545"]
[BlackElo "2565"]
[PlyCount "64"]
[Source "Perpetual Check"]

1. e4 e5 2. Nf3 Nc6 3. Bc4 Nf6 4. d4 exd4 5. e5 d5 6. Bb5 Ne4 7. Nxd4 Bc5 8.
Be3 Bd7 9. Bxc6 bxc6 10. Nd2 Qh4 11. Nxe4 Qxe4 12. O-O O-O 13. Re1 Qg6 14. Ne6
Bxe6 15. Bxc5 Rfb8 16. b3 Bh3 17. Qf3 Bf5 18. Qc3 Be4 19. f3 Bxc2 20. e6 fxe6
21. Rac1 Bf5 22. Bd4 e5 23. Rxe5 Re8 24. Rce1 Rxe5 25. Rxe5 Re8 26. Bxa7 Ra8
27. Qd4 Bh3 28. Re2 Bxg2 29. Rxg2 Qb1+ 30. Kf2 Qxa2+ 31. Kf1 Qb1+ 32. Kf2 Qa2+
1/2-1/2

[Event "9th Novi Sad it"]
[Site "Novi Sad"]
[Date "1982.10.20"]
[EventDate "1982.10.08"]
[Round "11.6"]
[White "Deze, Anton"]
[Black "Quinteros, Miguel Angel"]
[Result "1/2-1/2"]
[WhiteElo "2435"]
[BlackElo "2520"]
[PlyCount "47"]
[Source "Perpetual Check"]

1. d4 Nf6 2. c4 g6 3. Nc3 Bg7 4. e4 d6 5. f3 O-O 6. Be3 a6 7. Qd2 Nc6 8. Nge2
Rb8 9. h4 h5 10. Bh6 b5 11. Bxg7 Kxg7 12. O-O-O e5 13. dxe5 Nxe5 14. cxb5 axb5
15. Nf4 Bd7 16. Ncd5 Nxd5 17. Nxd5 Be6 18. f4 Bxd5 19. Qxd5 Ng4 20. Be2 Qf6 21.
Qd4 Kh6 22. Qxf6 Nxf6 23. Bf3 Rfe8 24. Rhe1 1/2-1/2

[Event "9th Novi Sad it"]
[Site "Novi Sad"]
[Date "1982.10.21"]
[EventDate "1982.10.08"]
[Round "12.1"]
[White "Gheorghiu, Florin"]
[Black "Romanishin, Oleg"]
[Result "0-1"]
[WhiteElo "2535"]
[BlackElo "2585"]
[PlyCount "80"]
[Source "Perpetual Check"]

1. Nf3 e6 2. c4 Nf6 3. d4 c5 4. e3 b6 5. Nc3 d6 6. Bd3 Be7 7. O-O Nbd7 8. a3
Bb7 9. b4 a6 10. Bb2 O-O 11. d5 e5 12. Nd2 g6 13. Nb3 Nh5 14. Be2 Ng7 15. Na4
e4 16. bxc5 dxc5 17. Nc3 f5 18. a4 Bd6 19. a5 Rb8 20. axb6 Qxb6 21. Na4 Qc7 22.
h3 Rbe8 23. Bc3 Ne5 24. Rb1 Bc8 25. Naxc5 f4 26. Nxe4 f3 27. Nxd6 fxe2 28. Qxe2
Qxd6 29. f4 Nd7 30. Qd3 Nf5 31. e4 Nc5 32. Nxc5 Qxc5+ 33. Kh2 Qe3 34. Qxe3 Nxe3
35. e5 Bf5 36. Bd4 Nxf1+ 37. Rxf1 Bd3 38. Rf3 Bxc4 39. d6 Be6 40. g4 Rb8 0-1

[Event "9th Novi Sad it"]
[Site "Novi Sad"]
[Date "1982.10.21"]
[EventDate "1982.10.08"]
[Round "12.3"]
[White "Razuvaev, Yury"]
[Black "Deze, Anton"]
[Result "1-0"]
[WhiteElo "2495"]
[BlackElo "2435"]
[PlyCount "79"]
[Source "Perpetual Check"]

1. Nf3 c5 2. c4 Nf6 3. Nc3 e6 4. d4 d5 5. cxd5 Nxd5 6. e3 Nc6 7. Bc4 Be7 8. O-O
O-O 9. Re1 Nf6 10. Bd3 b6 11. a3 Bb7 12. dxc5 Bxc5 13. b4 Bd6 14. Nb5 Bb8 15.
Bb2 a6 16. Nbd4 Nxd4 17. Bxd4 e5 18. Nxe5 Bxe5 19. Bxe5 Qd5 20. Qf3 Qxf3 21.
gxf3 Bxf3 22. Bd4 Nd5 23. h3 Rfe8 24. Kh2 b5 25. Rac1 Be4 26. Be2 Ne7 27. Bc5
Ng6 28. f3 Bb7 29. Kg3 Rad8 30. Red1 Ne5 31. Kf2 h6 32. Bd4 Nc6 33. Bb6 Rxd1
34. Rxd1 Ne5 35. Rd4 Re6 36. Bc5 Rf6 37. Rd8+ Kh7 38. Bd4 Re6 39. f4 Nc4 40.
Rd7 1-0

[Event "9th Novi Sad it"]
[Site "Novi Sad"]
[Date "1982.10.21"]
[EventDate "1982.10.08"]
[Round "12.5"]
[White "Ribli, Zoltan"]
[Black "Gligoric, Svetozar"]
[Result "1-0"]
[WhiteElo "2580"]
[BlackElo "2530"]
[PlyCount "97"]
[Source "Perpetual Check"]

1. d4 Nf6 2. c4 e6 3. g3 d5 4. Bg2 Be7 5. Nf3 O-O 6. O-O dxc4 7. Qc2 a6 8. Qxc4
b5 9. Qc2 Bb7 10. Bf4 Nc6 11. Rd1 Nb4 12. Qc1 Rc8 13. Nc3 Nbd5 14. Nxd5 Nxd5
15. Bg5 c5 16. dxc5 Qe8 17. Bxe7 Qxe7 18. Ne5 Rxc5 19. Qd2 Qc7 20. Nd3 Rc2 21.
Qe1 Nf6 22. Bxb7 Qxb7 23. Rac1 Rxc1 24. Rxc1 Rc8 25. Rxc8+ Qxc8 26. Qb4 Qc7 27.
Qc5 Ne8 28. f3 f6 29. Kf2 Kf7 30. Qh5+ Ke7 31. Qxh7 Qc4 32. a3 Qd4+ 33. Kf1 a5
34. h4 e5 35. h5 Qe3 36. Qg8 Qg5 37. Qd5 Qxg3 38. Qc5+ Kf7 39. Qxb5 Qh3+ 40.
Ke1 Nd6 41. Qd5+ Ke7 42. Qc5 Ke6 43. Qc7 Qh4+ 44. Kd1 Qa4+ 45. Kd2 Qd4 46. Qxg7
e4 47. fxe4 Nxe4+ 48. Ke1 Ng5 49. Qb7 1-0

[Event "9th Novi Sad it"]
[Site "Novi Sad"]
[Date "1982.10.21"]
[EventDate "1982.10.08"]
[Round "12.6"]
[White "Smejkal, Jan"]
[Black "Popovic, Petar"]
[Result "0-1"]
[WhiteElo "2565"]
[BlackElo "2460"]
[PlyCount "120"]
[Source "Perpetual Check"]

1. c4 Nf6 2. Nc3 d5 3. cxd5 Nxd5 4. g3 g6 5. Bg2 Nb6 6. d3 Bg7 7. Be3 Nc6 8.
Bxc6+ bxc6 9. Qc1 h6 10. Nf3 Bg4 11. Ne4 Qd5 12. O-O g5 13. Rb1 O-O 14. Qc5 Nd7
15. Qxd5 cxd5 16. Nc5 Nxc5 17. Bxc5 Rfb8 18. b3 Bxf3 19. exf3 e6 20. Rfc1 a5
21. Rc2 Rb7 22. Kf1 Bf8 23. Ke2 a4 24. b4 a3 25. d4 Rab8 26. Kd3 Bxc5 27. Rxc5
Rxb4 28. Rxb4 Rxb4 29. Rxc7 Kg7 30. Rc3 Rb2 31. Rc2 Rb1 32. Rc3 Rh1 33. Rxa3
Rxh2 34. Ke2 Rh1 35. g4 Kg6 36. Ra8 Rb1 37. a4 Rb2+ 38. Ke3 f5 39. gxf5+ exf5
40. Ra6+ Kh5 41. f4 Kg4 42. Rxh6 gxf4+ 43. Kd3 Rxf2 44. Rg6+ Kf3 45. a5 Ra2 46.
a6 Ra3+ 47. Kd2 Ke4 48. Re6+ Kxd4 49. Ke2 Ra5 50. Kf3 Kc3 51. Kxf4 d4 52. Rc6+
Kd2 53. Rd6 d3 54. Rc6 Ke2 55. Re6+ Kf2 56. Rd6 Ke2 57. Re6+ Kd1 58. Rd6 d2 59.
Rb6 Ra1 60. Ke3 Ke1 0-1

[Event "9th Novi Sad it"]
[Site "Novi Sad"]
[Date "1982.10.21"]
[EventDate "1982.10.08"]
[Round "12.7"]
[White "Bjelajac, Milan"]
[Black "Kurajica, Bojan"]
[Result "1/2-1/2"]
[WhiteElo "2400"]
[BlackElo "2545"]
[PlyCount "113"]
[Source "Perpetual Check"]

1. e4 c5 2. c3 d5 3. exd5 Qxd5 4. d4 e6 5. Nf3 Nf6 6. Be2 cxd4 7. cxd4 Be7 8.
O-O O-O 9. Ne5 Qd8 10. Nc3 Nbd7 11. Bg5 Nd5 12. Bxe7 Nxe7 13. Qb3 Nxe5 14. dxe5
Ng6 15. Rad1 Qg5 16. Nb5 Qxe5 17. Rfe1 a6 18. Bd3 Qc5 19. Bxg6 hxg6 20. Nd6 Bd7
21. Nxb7 Qc7 22. Rc1 Bc6 23. Nc5 Bd5 24. Qe3 Qa5 25. a3 Qb5 26. b4 a5 27. Qd3
Rfb8 28. Qxb5 Rxb5 29. bxa5 Rbxa5 30. a4 Rc8 31. Nd7 Rxc1 32. Rxc1 Rxa4 33. h3
g5 34. Nb6 Rd4 35. Nxd5 Rxd5 36. Kf1 g6 37. Rc4 Kg7 38. h4 gxh4 39. Rxh4 Rd2
40. g3 e5 41. Re4 Rd5 42. Ra4 Kf6 43. Kg2 Rd2 44. Ra6+ Kf5 45. Ra7 f6 46. Ra5
g5 47. Rb5 Rd4 48. Rb6 e4 49. Rb5+ Kg4 50. Rb6 f5 51. Re6 Rd1 52. Re8 Re1 53.
Re5 Re2 54. Re8 Kh5 55. Kf1 Ra2 56. Re5 Kg6 57. g4 1/2-1/2

[Event "9th Novi Sad it"]
[Site "Novi Sad"]
[Date "1982.10.23"]
[EventDate "1982.10.08"]
[Round "13.2"]
[White "Popovic, Petar"]
[Black "Bjelajac, Milan"]
[Result "1/2-1/2"]
[WhiteElo "2460"]
[BlackElo "2400"]
[PlyCount "51"]
[Source "Perpetual Check"]

1. e4 e6 2. d4 d5 3. Nd2 c5 4. exd5 exd5 5. Ngf3 Nc6 6. Bb5 c4 7. O-O Bd6 8. b3
cxb3 9. Bxc6+ bxc6 10. axb3 Ne7 11. Ba3 O-O 12. Bxd6 Qxd6 13. Ne5 c5 14. Ndf3
Bf5 15. dxc5 Qxc5 16. Nd4 Qd6 17. Re1 Be4 18. Ng4 f5 19. Ne3 f4 20. Nf1 Nf5 21.
Nxf5 Bxf5 22. Ra5 d4 23. Ree5 Qg6 24. Qxd4 Bxc2 25. b4 Qd3 26. Qxd3 1/2-1/2

[Event "9th Novi Sad it"]
[Site "Novi Sad"]
[Date "1982.10.23"]
[EventDate "1982.10.08"]
[Round "13.3"]
[White "Gligoric, Svetozar"]
[Black "Smejkal, Jan"]
[Result "1/2-1/2"]
[WhiteElo "2530"]
[BlackElo "2565"]
[PlyCount "209"]
[Source "Perpetual Check"]

1. d4 Nf6 2. c4 g6 3. Nc3 d5 4. Nf3 Bg7 5. Qb3 dxc4 6. Qxc4 O-O 7. e4 Bg4 8.
Be3 Nfd7 9. Qb3 Nb6 10. Rd1 e6 11. Be2 Nc6 12. Ng1 Bxe2 13. Ngxe2 Qe7 14. O-O
Rfd8 15. a3 Na5 16. Qb4 Nac4 17. Bg5 f6 18. Bc1 a5 19. Qb3 a4 20. Qc2 Kh8 21.
Rfe1 c6 22. Kh1 e5 23. dxe5 Nxe5 24. h3 Re8 25. f4 Nec4 26. Nd4 f5 27. e5 Bf8
28. Nf3 Bg7 29. Ne2 Ra5 30. Rd4 Rc5 31. Qd3 Na5 32. Be3 Rb5 33. Qc2 Nb3 34.
Rdd1 Nd5 35. Bf2 Ra5 36. Qc4 Nc5 37. Nc3 Nxc3 38. Qxc3 Rea8 39. Bh4 Qc7 40. Qc4
Ne4 41. Ng5 Nxg5 42. Bxg5 h6 43. Bf6 Re8 44. Qc3 Raa8 45. e6 Bxf6 46. Qxf6+ Qg7
47. Qh4 Re7 48. Rd7 Rae8 49. Red1 Kg8 50. Kh2 Qf8 51. R1d6 Rxe6 52. Rxe6 Rxe6
53. Rxb7 Qc8 54. Ra7 Qb8 55. Rxa4 Kh7 56. Qf2 Re7 57. Rb4 Qc7 58. Qb6 Kg7 59.
Qxc7 Rxc7 60. Rc4 Kf7 61. a4 Ke6 62. b4 Kd5 63. Rc5+ Kd6 64. Rc1 Ra7 65. Rd1+
Ke6 66. a5 c5 67. bxc5 Rxa5 68. Rd6+ Kf7 69. c6 Rc5 70. h4 Rc3 71. Kg1 Rc4 72.
g3 g5 73. fxg5 hxg5 74. hxg5 Ke7 75. Rf6 Rg4 76. Kf2 Rxg5 77. Rh6 Kd8 78. Rh7
Rg6 79. c7+ Kc8 80. Kf3 Rg5 81. Re7 Kb7 82. Rd7 Rg6 83. Rd3 Rg4 84. Rc3 Kc8 85.
Rc5 Rg5 86. Kf2 Rg8 87. Rxf5 Kxc7 88. Rd5 Kc6 89. Rd3 Kc5 90. Kf3 Rf8+ 91. Ke4
Re8+ 92. Kf5 Rf8+ 93. Ke5 Re8+ 94. Kf6 Rg8 95. Kf5 Rf8+ 96. Kg6 Rg8+ 97. Kf6
Kc4 98. Ra3 Kd5 99. Kf5 Rf8+ 100. Kg6 Rg8+ 101. Kh7 Rg4 102. Kh6 Rg8 103. Ra5+
Ke6 104. Rg5 Rh8+ 105. Kg7 1/2-1/2

[Event "9th Novi Sad it"]
[Site "Novi Sad"]
[Date "1982.10.23"]
[EventDate "1982.10.08"]
[Round "13.4"]
[White "Nikolic, Predrag"]
[Black "Ribli, Zoltan"]
[Result "1-0"]
[WhiteElo "2530"]
[BlackElo "2580"]
[PlyCount "71"]
[Source "Perpetual Check"]

1. Nf3 c5 2. c4 Nf6 3. g3 b6 4. Bg2 Bb7 5. O-O e6 6. Nc3 Be7 7. d4 cxd4 8. Qxd4
d6 9. Bg5 a6 10. Bxf6 Bxf6 11. Qd3 Ra7 12. Rad1 Be7 13. Nd4 Bxg2 14. Kxg2 Qc8
15. f4 Rc7 16. f5 e5 17. Nb3 Rxc4 18. Nd5 Bd8 19. f6 O-O 20. fxg7 Kxg7 21. Ne3
Qc6+ 22. Rf3 b5 23. Qf5 Nd7 24. Nxc4 bxc4 25. Nd2 d5 26. e4 Nf6 27. exd5 Qxd5
28. Qc2 e4 29. Rf4 e3+ 30. Nf3 Qa5 31. Qxc4 Re8 32. Rd7 Re7 33. Rd6 Rc7 34.
Rg4+ Kf8 35. Rxd8+ Ke7 36. Qd3 1-0

[Event "9th Novi Sad it"]
[Site "Novi Sad"]
[Date "1982.10.23"]
[EventDate "1982.10.08"]
[Round "13.5"]
[White "Deze, Anton"]
[Black "Van der Wiel, John"]
[Result "1/2-1/2"]
[WhiteElo "2435"]
[BlackElo "2520"]
[PlyCount "20"]
[Source "Perpetual Check"]

1. c4 e6 2. Nc3 Nf6 3. e4 d5 4. e5 Ne4 5. cxd5 exd5 6. d3 Nxc3 7. bxc3 c5 8.
Nf3 Nc6 9. Be2 Be7 10. d4 O-O 1/2-1/2

[Event "9th Novi Sad it"]
[Site "Novi Sad"]
[Date "1982.10.23"]
[EventDate "1982.10.08"]
[Round "13.6"]
[White "Suetin, Alexei"]
[Black "Razuvaev, Yury"]
[Result "1/2-1/2"]
[WhiteElo "2435"]
[BlackElo "2495"]
[PlyCount "82"]
[Source "Perpetual Check"]

1. e4 c5 2. Nf3 e6 3. d4 cxd4 4. Nxd4 Nf6 5. Nc3 d6 6. f4 Be7 7. Be3 O-O 8. Qf3
e5 9. Nf5 Bxf5 10. exf5 Qa5 11. O-O-O e4 12. Qe2 Rc8 13. Qb5 Qc7 14. Be2 Nbd7
15. Kb1 a6 16. Qb3 b5 17. g4 Nc5 18. Nd5 Nxd5 19. Qxd5 Na4 20. Qb3 Nc5 21. Qc3
Bf6 22. Bd4 b4 23. Qc4 d5 24. Qxd5 Bxd4 25. Rxd4 Qxf4 26. Bc4 Qc7 27. Qd7 h6
28. Qxc7 Rxc7 29. Re1 Re8 30. Re3 Kh7 31. Kc1 a5 32. Kd2 g6 33. Rd5 Kg7 34. h4
gxf5 35. Rxf5 Rd8+ 36. Kc1 Rd6 37. Re1 Rf6 38. Rxf6 Kxf6 39. Rf1+ Kg6 40. b3
Nb7 41. Rf5 Nd6 1/2-1/2

[Event "9th Novi Sad it"]
[Site "Novi Sad"]
[Date "1982.10.23"]
[EventDate "1982.10.08"]
[Round "13.7"]
[White "Romanishin, Oleg"]
[Black "Quinteros, Miguel Angel"]
[Result "1/2-1/2"]
[WhiteElo "2585"]
[BlackElo "2520"]
[PlyCount "167"]
[Source "Perpetual Check"]

1. Nf3 Nf6 2. g3 g6 3. Bg2 Bg7 4. c4 O-O 5. d4 d6 6. O-O Nc6 7. Nc3 Bg4 8. d5
Na5 9. b3 c5 10. Bd2 a6 11. h3 Bxf3 12. exf3 b5 13. Qe1 Qd7 14. Nd1 Nb7 15. Ne3
b4 16. a3 a5 17. a4 e5 18. dxe6 fxe6 19. Rd1 Nd8 20. f4 Nc6 21. Nc2 d5 22. Qe2
Rfe8 23. g4 Qd6 24. Bc1 d4 25. g5 Nd7 26. Ne1 Rac8 27. Nd3 Ne7 28. Rfe1 Nf5 29.
Qg4 Bf8 30. Re4 Ng7 31. Rde1 Kh8 32. h4 Qe7 33. Qe2 Qf7 34. Bh3 Rc6 35. Bg4 Re7
36. Qf3 Rb6 37. Qh3 Kg8 38. Kg2 Re8 39. Rh1 Re7 40. Qf3 Rb8 41. Re2 Ree8 42.
Ree1 Rb6 43. h5 Nf5 44. Rh3 Bg7 45. Re4 Qf8 46. h6 Bh8 47. Rh1 Qd6 48. Qh3 Re7
49. Rhe1 Nf8 50. Kg1 Kf7 51. Qh1 Ke8 52. R4e2 Rb8 53. Bf3 Kd7 54. Be4 Kc7 55.
Qh3 Rbe8 56. Bh1 Rb8 57. Rd1 Nd7 58. Ne1 Kb6 59. Nf3 Nf8 60. Qg4 Rbe8 61. Nd2
Qc7 62. Ne4 Rf7 63. Qh3 Rd8 64. Qd3 Re8 65. Rde1 Rd8 66. Ng3 Qc8 67. Bf3 Rd6
68. Bd2 Rd8 69. Bg4 Rd6 70. Re4 Rc6 71. Nf1 Rd6 72. Nh2 Re7 73. Nf3 Rf7 74. Ne5
Re7 75. Bc1 Rc7 76. Bb2 Ka7 77. Qe2 Bxe5 78. Rxe5 Rcc6 79. Qd3 Nd7 80. R5e2 Qg8
81. Bf3 Rb6 82. Be4 Qf7 83. Qh3 Rb7 84. Kh1 1/2-1/2